Normal view
MARC view
- Fletcher, William I
Entry Personal Name
001 - CONTROL NUMBER
- control field: 91859
003 - CONTROL NUMBER IDENTIFIER
- control field: NUST
005 - DATE AND TIME OF LATEST TRANSACTION
- control field: 20220526104121.0
008 - FIXED-LENGTH DATA ELEMENTS
- fixed length control field: 220526|| aca||aabn | a|a d
040 ## - CATALOGING SOURCE
- Original cataloging agency: NUST
- Transcribing agency: NUST
100 ## - HEADING--PERSONAL NAME
- Personal name: Fletcher, William I
670 ## - SOURCE DATA FOUND
- Source citation: Work cat.: (NUST): Fletcher, William I., An Engineering Approach to Digital Design, 2009.
